000 00877nam a22002177a 4500
999 _c19698
_d19698
003 AR-CdUCM
008 190520b ||||| |||| 00| 0 spa d
040 _aMUNICIPALIDAD PROVINCIAL DEL CUSCO
_cBIBLIOTECA MUNICIPAL DEL CUSCO
082 _a974.08 /
_bA34
100 _aAlba, Víctor
_935937
245 _aLas ideas sociales contemporáneas en México /
260 _aMéxico :
_bFondo de cultura económica,
_c1960.
300 _a473 páginas ;
_c25 cm.
440 _aColección tierra firme
_nHistoria de las ideas contemporáneas VII
_941200
505 _aContenido : El periodo de las independencias -- El periodo de las reformas -- El Jacobinismo positivo-- Origen del movimiento obrero...
650 _aEvolución ideológica
_941201
650 _a Problemas agrarios
_941202
650 _aPrecursores de la revolución
_941203
942 _2ddc
_cLIBROS
945 _arcc